000 00766nam a2200157 a 4500
001 000042609
005 20201002040254.0
008 140131s2013 dr 000 0 spa d
020 _a9789945063028
040 _aDO-SdBNP
_bspa
_cBNPHU
110 1 _aRepública Dominicana
_9447
245 1 0 _aLey No. 106-13 :
_bque modifica los artículos 223, 224, 279, 291, 296, 339, 340 y 380 de la ley No. 136-03, del 7 de agosto de 2003, que crea el código para el sistema de protección de los derechos fundamentales de niños, niñas y adolescentes, y suprime el art. 350 de dicha ley G. O. No. 10722 del 8 de agosto de 2013.
260 _aSanto Domingo, :
_b[s.d],
_c2013.
300 _a12 p. ;
_c22 cm.
590 _aLa biblioteca posee 3 ejemplares autografíados por el autor
999 _c42098
_d42098